Anaheim Ducks Points Leaders (2000-2025) - Statistics

General Stats
  • This quiz has been taken 12 times
  • The average score is 19 of 25
Answer Stats
Year Points Player % Correct
2008 82 Ryan Getzlaf
92%
2009 91 Ryan Getzlaf
92%
2013 49 Ryan Getzlaf
92%
2014 87 Ryan Getzlaf
92%
2015 70 Ryan Getzlaf
92%
2016 63 Ryan Getzlaf
92%
2017 73 Ryan Getzlaf
92%
2019 48 Ryan Getzlaf
92%
2006 90 Teemu Selanne
92%
2007 94 Teemu Selanne
92%
2012 66 Teemu Selanne
92%
2010 76 Corey Perry
83%
2011 98 Corey Perry
83%
2000 86 Paul Kariya
83%
2001 67 Paul Kariya
83%
2002 57 Paul Kariya
83%
2003 81 Paul Kariya
83%
2024 60 Frank Vatrano
67%
2022 67 Troy Terry
67%
2025 55 Troy Terry
67%
2023 65 Trevor Zegras
58%
2018 69 Rickard Rakell
50%
2021 33 Maxime Comtois
42%
2020 43 Adam Henrique
33%
2004 65 Sergei Fedorov
33%
No matching quizzes found
Score Distribution
Percent of People with Each Score
Percentile by Number Answered
Your Score History
You have not taken this quiz